Grandi della letteratura latina - Statistics

Statistiche generali
  • Questo quiz è stato fatto 427 volte
    421 dall'ultimo reset
  • Il punteggio medio è 19 su 45
Statistiche sulle risposte
Opera Risposta % Corretto
De bello gallico Gaio Giulio Cesare
93%
Aeneis (Eneide) Publio Virgilio Marone
92%
Metamorphoseon libri (Metamorfosi) Publio Ovidio Nasone
81%
In Catilinam (Le Catiliarie) Marco Tullio Cicerone
80%
De vulgari eloquentia Dante Alighieri
74%
Ab urbe condita libri Tito Livio
63%
Miles gloriosus (Il soldato fanfarone) Tito Maccio Plauto
63%
Confessiones (Confessioni) Sant'Agostino da Ippona
62%
Carmina (Odi) Quinto Orazio Flacco
60%
Metamorphoseon libri XI (L'asino d'oro) Lucio Apuleio Madaurense
58%
Heautontimorumenos (Il punitore di sé stesso) Publio Terenzio Afro
57%
Annales Quinto Ennio
54%
Secretum Francesco Petrarca
53%
Fabulae (Favole) Gaio Giulio Fedro
53%
Bellum Iugurthinum Gaio Sallustio Crispo
52%
Odusia Livio Andronico
52%
Sidereus Nuncius Galileo Galilei
51%
Liber Gaio Valerio Catullo
49%
Institutio oratoria Marco Fabio Quintiliano
49%
Bellum poenicum (La guerra punica) Gneo Nevio
48%
De revolutionibus orbium coelestium (Sulle rivoluzioni dei corpi celeti) Niccolò Copernico
47%
Naturalis historia Caio Plinio Secondo il Vecchio
46%
Pharsalia Marco Anneo Lucano
44%
Epigrammaton libri XII (Epigrammi) Marco Valerio Marziale
44%
De Architectura Marco Vitruvio Pollione
43%
Dialogi Lucio Anneo Seneca
42%
De vita Iulii Agricolae (Agricola) Publio Cornelio Tacito
41%
Moriae encomium (L'elogio della follia) Erasmo da Rotterdam
37%
Saturae (Satire) Decimo Giunio Giovenale
36%
De vita Caesarum (Vite dei Cesari) Gaio Svetonio Tranquillo
36%
Libri ad Marcum Filium Marco Porcio Catone Censore
35%
Summa Theologiae San Tommaso d'Aquino
33%
Elegiarum libri IV (Elegie) Sesto Aurelio Properzio
29%
Thebais (Tebaide) Publio Papinio Stazio
25%
Vulgata San Girolamo
21%
Astronomia Nova Giovanni Keplero
20%
De re rustica Marco Terenzio Varrone
19%
Noctes Atticae Aulo Gellio
18%
De consolatione philosphiae Anicio Severino Boezio
16%
Historia Langobardorum Paolo Diacono
12%
Historiae Alexandri Magni Macedonis Quinto Curzio Rufo
11%
Historia calamitatum mearum (Storia delle mie disgrazie) Pietro Abelardo
7%
Mosella Decimo Magno Ausonio
6%
Res gestae Ammiano Marcellino
5%
Historia Francorum Gregorio di Tours
5%
Nessun quiz corrispondente trovato
Distribuzione punteggi
Percentuale di utenti per punteggio
Percentile per numero di risposta
I tuoi punteggi nel tempo
Non hai fatto questo quiz dall'ultimo reset